Joyce Cary : (Record no. 18603)
[ view plain ]
| 000 -LEADER | |
|---|---|
| fixed length control field | 00681nam a2200217 a 4500 |
| 001 - CONTROL NUMBER | |
| control field | 18603 |
| 003 - CONTROL NUMBER IDENTIFIER | |
| rucl marc code | BD-RjUL |
| 005 - DATE AND TIME OF LATEST TRANSACTION | |
| control field | 20211209000317.0 |
| 008 - FIXED-LENGTH DATA ELEMENTS--GENERAL INFORMATION | |
| fixed length control field | 140220r19591958nyu 001 0 eng d |
| 035 ## - SYSTEM CONTROL NUMBER | |
| System control number | (BD-RjUL)18661 |
| 040 ## - CATALOGING SOURCE | |
| Original cataloging agency | DLC |
| Language of cataloging | eng |
| Transcribing agency | DLC |
| Modifying agency | BD-RjUL |
| 041 ## - LANGUAGE CODE | |
| Language code of text/sound track or separate title | eng |
| 082 04 - DEWEY DECIMAL CLASSIFICATION NUMBER | |
| Classification number | 823.91 |
| Author mark and year | WRJ 1959 |
| 100 1# - MAIN ENTRY--PERSONAL NAME | |
| Personal name | Wright, Andrew, |
| Dates associated with a name | 1923-2009 |
| 9 (RLIN) | 57305 |
| 245 10 - TITLE STATEMENT | |
| Title | Joyce Cary : |
| Remainder of title | a preface to his novels / |
| Statement of responsibility, etc. | Andrew Wright |
| 260 ## - PUBLICATION, DISTRIBUTION, ETC. (IMPRINT) | |
| Place of publication, distribution, etc. | London : |
| Name of publisher, distributor, etc. | Chatto & windus, |
| Date of publication, distribution, etc. | 1958 [reprinted 1959]. |
| 300 ## - PHYSICAL DESCRIPTION | |
| Pagination | 186 p. ; |
| Size | 20 cm. |
| 504 ## - BIBLIOGRAPHY, ETC. NOTE | |
| Bibliography, etc | Includes bibliographical reference and index |
| 600 10 - SUBJECT ADDED ENTRY--PERSONAL NAME | |
| Personal name | Cary, Joyce, |
| Dates associated with a name | 1888-1957 |
| General subdivision | Criticism and interpretation |
| 942 ## - ADDED ENTRY ELEMENTS (KOHA) | |
| Source of classification or shelving scheme | Dewey Decimal Classification |
| Koha item type | Books |
| Lost status | Source of classification or shelving scheme | Damaged status | Not for loan | Collection code | Permanent Location | Current Location | Shelving location | Date acquired | Source of acquisition | Cost, normal purchase price | Total Checkouts | Full call number | Date last seen | Copy number | Koha item type |
|---|---|---|---|---|---|---|---|---|---|---|---|---|---|---|---|
| Dewey Decimal Classification | Not For Loan | Fiction | Central Library, University of Rajshahi | Central Library, University of Rajshahi | Reading Room | 12/03/1964 | Zeitlinger | 15.00 | 823.91 WRJ 1959 | 20/02/2014 | C-1 | Books |